00572nam a2200205 a 4500001001300000003000900013005001700022008004100039020002300080082001300103100001800116245006000134260003600194300000900230500003500239505003100274650001800305650002500323700001800348nice12345678IN_TiNIC20260116013033.0050524s1990 hyda grp 000 0 eng  a0002105 c15000a954bMAR aMarshall, P J aBengalb the British Bridgehead, Eastern India1740-1828 aHyderabadbOrient Longmanc1990 a195p aincludes index and biblioraphy2 aAppendices, Biblio., Index aIndia-History aIndia-British Period1 aMarshall, P J